000 00619nam a2200241Ia 4500
003 OSt
005 20221007070610.0
006 a|||||r|||| 00| 0
007 ta
008 221006b |||||||| |||| 00| 0 eng d
024 _a43,227
037 _cTextual
040 _aFLL
_cFLL
_beng
041 _2eng
_aeng
082 _aV2:2:(Z), K7.2
100 _aRao B.S.
_9239476
245 0 _aThe framing of India's constitution
260 _aGurgaon
_bLexisNexis India
_c1967
300 _a805 vii
_ccm.
490 _v2
942 _hV2:2:(Z), K7.2
_cTEXL
_2CC
999 _c1140989
_d1140989